BIBLIOTECA

SENCICO

Las organizaciones sindicales y el sector informal : (Registro nro. 224)

Detalles MARC
000 -LEADER
fixed length control field 01472nam a2200265Ia 4500
003 - CONTROL NUMBER IDENTIFIER
control field PE SENCICO BE
005 - DATE AND TIME OF LATEST TRANSACTION
control field 20251020182430.0
008 - FIXED-LENGTH DATA ELEMENTS--GENERAL INFORMATION
fixed length control field 200515s9999 xx 000 0 und d
020 ## - INTERNATIONAL STANDARD BOOK NUMBER
International Standard Book Number 92-2-312413-1
040 ## - CATALOGING SOURCE
Original cataloging agency PE SENCICO BE
Transcribing agency PE SENCICO BE
041 ## - LANGUAGE CODE
Language code of text/sound track or separate title spa
082 ## - DEWEY DECIMAL CLASSIFICATION NUMBER
Classification number 331.8
Item number H96
100 1# - MAIN ENTRY--PERSONAL NAME
Personal name Hurtado, Montserrat
9 (RLIN) 2523
Relator term autor
245 10 - TITLE STATEMENT
Title Las organizaciones sindicales y el sector informal :
Remainder of title reflexiones para la formación y la acción /
Statement of responsibility, etc. Monserrat Hurtado
260 ## - PUBLICATION, DISTRIBUTION, ETC.
Place of publication, distribution, etc. Lima :
Name of publisher, distributor, etc. Oficina Internacional del Trabajo ;
Date of publication, distribution, etc. 2000
300 ## - PHYSICAL DESCRIPTION
Extent 116 p. :
Other physical details tbl. ;
Dimensions 28 cm.
505 0# - FORMATTED CONTENTS NOTE
Formatted contents note Globalización y sector informal -- Definiciones, características y composición del sector informal -- La situación en Europa y América Latina -- Mercado de trabajo y sector informal: actividades informales, trabajadores del sector informal, organización doméstica y social -- Formación profesional en el sector informal -- Marco legal y protección de los trabajadores del sector informal -- Sindicatos y formas de organización en el sector informal -- Proyectos y programas de apoyo y organización en el sector informal -- Consideraciones para una propuesta de formación
650 #0 - SUBJECT ADDED ENTRY--TOPICAL TERM
Topical term or geographic name entry element Sindicatos
9 (RLIN) 2524
650 10 - SUBJECT ADDED ENTRY--TOPICAL TERM
Topical term or geographic name entry element Derecho laboral
9 (RLIN) 2526
650 20 - SUBJECT ADDED ENTRY--TOPICAL TERM
Topical term or geographic name entry element Economía informal
9 (RLIN) 2525
650 20 - SUBJECT ADDED ENTRY--TOPICAL TERM
Topical term or geographic name entry element PUB OIT
9 (RLIN) 2507
710 1# - ADDED ENTRY--CORPORATE NAME
9 (RLIN) 2255
Corporate name or jurisdiction name as entry element Oficina Internacional del Trabajo
710 1# - ADDED ENTRY--CORPORATE NAME
9 (RLIN) 2527
Corporate name or jurisdiction name as entry element Oficina Regional para América Latina y el Caribe
942 ## - ADDED ENTRY ELEMENTS (KOHA)
Koha item type Libros
Source of classification or shelving scheme Dewey Decimal Classification
Existencias
Fecha de la última vez que lo usaron Pago total Signatura topográfica completa Código de barras Precio efectivo desde Tipo de documento Estado perdido Sistema de clasificación Estado dañado No es para préstamo Retirado Ubicación permanente Ubicación actual Fecha de adquisición
15/05/2020   331.8/H96 BibLima24080019 15/05/2020 Libros   Dewey Decimal Classification       Biblioteca Central Lima Biblioteca Central Lima 15/05/2020